Academic Writing : Exploring Processes and Strategies
Salvato in:
| Autore principale: | |
|---|---|
| Natura: | Libro |
| Lingua: | inglese |
| Pubblicazione: |
Cambridge :
Cambridge University Press,
1998
|
| Edizione: | 1st publ |
| Soggetti: | |
| Tags: |
Nessun Tag, puoi essere il primo ad aggiungerne!!
|
MARC
| LEADER | 00000nam a22000003a 4500 | ||
|---|---|---|---|
| 001 | stu95415 | ||
| 005 | 20150617225813.5 | ||
| 008 | 050830s1998----uk------------------eng-d | ||
| 020 | |a 0-521-65768-7 | ||
| 040 | |a STU |b slo | ||
| 041 | 0 | |a eng | |
| 044 | |a uk | ||
| 080 | |a 811.111 | ||
| 100 | 1 | |a Leki, Ilona |4 aut | |
| 245 | 1 | |a Academic Writing : |b Exploring Processes and Strategies | |
| 250 | |a 1st publ | ||
| 260 | |a Cambridge : |b Cambridge University Press, |c 1998 | ||
| 300 | |a 432 s | ||
| 650 | 7 | |a angličtina |2 stusub | |
| 996 | |b 284M052769 |c M*11714-1 |l MMKN |s A |a 24 |w stu95415_0001 | ||